<?xml version="1.0" encoding="UTF-8"?>
<record
    xmlns:xsi="http://www.w3.org/2001/XMLSchema-instance"
    xsi:schemaLocation="http://www.loc.gov/MARC21/slim http://www.loc.gov/standards/marcxml/schema/MARC21slim.xsd"
    xmlns="http://www.loc.gov/MARC21/slim">

  <leader>00283nam a22001217a 4500</leader>
  <datafield tag="040" ind1=" " ind2=" ">
    <subfield code="c">SK</subfield>
  </datafield>
  <datafield tag="082" ind1=" " ind2=" ">
    <subfield code="a">630</subfield>
  </datafield>
  <datafield tag="100" ind1=" " ind2=" ">
    <subfield code="a">&#x17A0;&#x17BD;&#x178F; &#x179C;&#x17BB;&#x178F;&#x17D2;&#x1790;&#x17B6;</subfield>
  </datafield>
  <datafield tag="245" ind1=" " ind2=" ">
    <subfield code="a">Fisheries forestry; &#x1796;&#x17D2;&#x179A;&#x17C3;&#x179B;&#x17B7;&#x1785;&#x1791;&#x17B9;&#x1780;</subfield>
  </datafield>
  <datafield tag="260" ind1=" " ind2=" ">
    <subfield code="a">RUA</subfield>
    <subfield code="b">&#x17A0;&#x17BD;&#x178F;</subfield>
    <subfield code="c">2008</subfield>
  </datafield>
  <datafield tag="300" ind1=" " ind2=" ">
    <subfield code="a">55p.</subfield>
  </datafield>
  <datafield tag="942" ind1=" " ind2=" ">
    <subfield code="c">KB</subfield>
  </datafield>
  <datafield tag="999" ind1=" " ind2=" ">
    <subfield code="c">10077</subfield>
    <subfield code="d">10077</subfield>
  </datafield>
  <datafield tag="952" ind1=" " ind2=" ">
    <subfield code="0">0</subfield>
    <subfield code="1">0</subfield>
    <subfield code="4">0</subfield>
    <subfield code="6">630_000000000000000_&#x17A0;&#x17BD;&#x178F;_2008_C018_OR</subfield>
    <subfield code="7">0</subfield>
    <subfield code="9">52440</subfield>
    <subfield code="a">LBC</subfield>
    <subfield code="b">LBC</subfield>
    <subfield code="c">C018</subfield>
    <subfield code="d">2016-09-20</subfield>
    <subfield code="o">630 &#x17A0;&#x17BD;&#x178F; 2008 C018 Or.</subfield>
    <subfield code="p">A00822</subfield>
    <subfield code="r">2016-09-26</subfield>
    <subfield code="y">KB</subfield>
  </datafield>
  <datafield tag="952" ind1=" " ind2=" ">
    <subfield code="0">0</subfield>
    <subfield code="1">0</subfield>
    <subfield code="4">0</subfield>
    <subfield code="6">630_000000000000000_&#x17A0;&#x17BD;&#x178F;_2008_C018_OR</subfield>
    <subfield code="7">0</subfield>
    <subfield code="9">52441</subfield>
    <subfield code="a">LBC</subfield>
    <subfield code="b">LBC</subfield>
    <subfield code="c">C018</subfield>
    <subfield code="d">2016-09-20</subfield>
    <subfield code="o">630 &#x17A0;&#x17BD;&#x178F; 2008 C018 Or.</subfield>
    <subfield code="p">A01170</subfield>
    <subfield code="r">2016-09-20</subfield>
    <subfield code="y">KB</subfield>
  </datafield>
</record>
